[Event "Eesti MV"]
[Site "Tallinn"]
[Date "2004.05.09"]
[Round "8"]
[White "Firstov, Juri"]
[Black "Syskov, Vjatsheslav"]
[Result "1-0"]
[WhiteElo "2169"]
[BlackElo "2261"]
[PlyCount "89"]
[EventDate "2004.05.04"]

1. d4 Nf6 2. Bg5 Ne4 3. Bf4 c5 4. f3 Qa5+ 5. c3 Nf6 6. Nd2 cxd4 7. Nb3 Qb6 8.
cxd4 d5 9. e3 Nc6 10. Ne2 Bf5 11. g4 Bg6 12. Nc3 e6 13. h4 h6 14. a3 Qd8 15.
Kf2 Be7 16. Rc1 a6 17. Na4 Nd7 18. h5 Bh7 19. Nac5 Nxc5 20. Nxc5 Bxc5 21. Rxc5
O-O 22. b4 Qe7 23. Qb3 Rfc8 24. Be2 Na7 25. a4 Rxc5 26. bxc5 Nc6 27. Bd6 Qd7
28. Qb6 Rc8 29. Ra1 Kh8 30. a5 Bg8 31. Rb1 Nd8 32. Qa7 Qe8 33. Rxb7 Nxb7 34.
Qxb7 e5 35. Bxa6 exd4 36. exd4 Ra8 37. Bb5 Qd8 38. Bc7 Qh4+ 39. Bg3 Qd8 40. a6
f6 41. Bc6 Qa5 42. Qxa8 Qd2+ 43. Kf1 Qxd4 44. Bf2 Qf4 45. Bxd5 1-0

[Event "Eesti MV"]
[Site "Tallinn"]
[Date "2004.05.09"]
[Round "8"]
[White "Seeman, Tarvo"]
[Black "Veingold, Aleksander"]
[Result "0-1"]
[WhiteElo "2425"]
[BlackElo "2464"]
[PlyCount "58"]
[EventDate "2004.05.04"]

1. e4 c5 2. Nc3 d6 3. f4 Nc6 4. Nf3 Bg4 5. Bb5 Rc8 6. O-O e6 7. d4 cxd4 8. Qxd4
Bxf3 9. Rxf3 a6 10. Bxc6+ Rxc6 11. Be3 Nf6 12. Rg3 g6 13. Rd1 Be7 14. f5 Qc7
15. Kh1 Rc4 16. Qd3 Qc6 17. fxe6 fxe6 18. Bg5 Rf8 19. Rf3 Nxe4 20. Bxe7 Nf2+
21. Rxf2 Rxf2 22. Qh3 Rcf4 23. Rg1 Kxe7 24. Qxh7+ Rf7 25. Qxg6 Rf1 26. h4 Qc5
27. Rxf1 Rxf1+ 28. Kh2 Qe5+ 29. Kh3 Qf4 0-1

[Event "Eesti MV"]
[Site "Tallinn"]
[Date "2004.05.09"]
[Round "8"]
[White "Shlykov, Vitali"]
[Black "Tsiganova, Monika"]
[Result "1-0"]
[WhiteElo "2142"]
[BlackElo "2270"]
[PlyCount "63"]
[EventDate "2004.05.04"]

1. e4 c6 2. d4 d5 3. e5 c5 4. dxc5 Nc6 5. Bf4 e6 6. c3 Bxc5 7. Bd3 Nge7 8. Nf3
Ng6 9. Bg3 f6 10. Bxg6+ hxg6 11. Qd3 Kf7 12. O-O Bd7 13. h4 a6 14. Nbd2 Ne7 15.
a4 Nf5 16. Nb3 Nxg3 17. Nxc5 Nxf1 18. Nxb7 Qg8 19. Rxf1 Bxa4 20. Qd4 Bd7 21.
Nd6+ Ke7 22. Qc5 Qb8 23. Nf5+ Kd8 24. Qe7+ Kc7 25. Nxg7 Qb6 26. c4 dxc4 27. Rd1
Rad8 28. Rd6 Qxb2 29. Nxe6+ Kc8 30. Rc6+ Kb7 31. Rc7+ Kb8 32. Qc5 1-0

[Event "Eesti MV"]
[Site "Tallinn"]
[Date "2004.05.10"]
[Round "9"]
[White "Tsiganova, Monika"]
[Black "Zjukin, Sergei"]
[Result "0-1"]
[WhiteElo "2270"]
[BlackElo "2390"]
[PlyCount "44"]
[EventDate "2004.05.04"]

1. d4 Nf6 2. c4 g6 3. Nc3 d5 4. Bf4 Bg7 5. e3 c5 6. dxc5 Qa5 7. Rc1 dxc4 8.
Bxc4 O-O 9. Nf3 Qxc5 10. Bb3 Qa5 11. O-O Na6 12. Ne5 Nc5 13. Nd5 Nxd5 14. Bxd5
Be6 15. Qd4 Nd3 16. Bxe6 Nxc1 17. Rxc1 fxe6 18. Qd7 Qd5 19. Rd1 Qxd7 20. Nxd7
Rfd8 21. Bc7 Rdc8 22. Be5 Rc2 0-1

[Event "Eesti MV"]
[Site "Tallinn"]
[Date "2004.05.10"]
[Round "9"]
[White "Veingold, Aleksander"]
[Black "Shlykov, Vitali"]
[Result "1-0"]
[WhiteElo "2464"]
[BlackElo "2142"]
[PlyCount "61"]
[EventDate "2004.05.04"]

1. d4 Nf6 2. Nf3 g6 3. c4 Bg7 4. Nc3 d6 5. e4 O-O 6. Be2 e5 7. O-O Nc6 8. d5
Ne7 9. b4 Nh5 10. Re1 a5 11. bxa5 Nf4 12. Bf1 Rxa5 13. a4 c5 14. Ra3 g5 15.
Nxg5 Neg6 16. Nf3 h6 17. Kh1 Kh7 18. g3 Nh3 19. Bxh3 Bxh3 20. Ng5+ hxg5 21.
Qh5+ Kg8 22. Qxh3 Bf6 23. Rb3 Qe7 24. Bd2 Kg7 25. Reb1 Rh8 26. Qg4 Ra7 27. Nd1
Qd8 28. Rxb7 Rxb7 29. Rxb7 Qc8 30. Qxc8 Rxc8 31. Ne3 1-0

[Event "Eesti MV"]
[Site "Tallinn"]
[Date "2004.05.10"]
[Round "9"]
[White "Syskov, Vjatsheslav"]
[Black "Seeman, Tarvo"]
[Result "1/2-1/2"]
[WhiteElo "2261"]
[BlackElo "2425"]
[PlyCount "31"]
[EventDate "2004.05.04"]

1. e4 c5 2. Nf3 e6 3. d4 cxd4 4. Nxd4 Nc6 5. Nb5 d6 6. c4 Nf6 7. N5c3 b6 8. Be2
Bb7 9. Be3 Ne5 10. Nd2 Be7 11. O-O O-O 12. f4 Ned7 13. Bf3 h6 14. Qe1 Qc7 15.
Kh1 Nc5 16. Qg3 1/2-1/2

[Event "Eesti MV"]
[Site "Tallinn"]
[Date "2004.05.10"]
[Round "9"]
[White "Kulaots, Kaido"]
[Black "Firstov, Juri"]
[Result "1-0"]
[WhiteElo "2567"]
[BlackElo "2169"]
[PlyCount "109"]
[EventDate "2004.05.04"]

1. e4 c6 2. d4 d5 3. Nc3 dxe4 4. Nxe4 Nd7 5. Ng5 e6 6. Bd3 Be7 7. N1f3 h6 8.
Ne4 Ngf6 9. c3 Qc7 10. Qe2 c5 11. Nxf6+ Nxf6 12. dxc5 Bxc5 13. O-O O-O 14. Ne5
Bd6 15. Bf4 Ng4 16. Qxg4 Bxe5 17. Bxe5 Qxe5 18. Rad1 Qc7 19. Qe4 g6 20. Bc2 e5
21. Qe3 Kg7 22. Rfe1 Re8 23. a3 f6 24. Qg3 Qf7 25. Rd6 Be6 26. Red1 Re7 27.
Bxg6 Qxg6 28. Rxe6 Qxg3 29. Rxe7+ Kf8 30. hxg3 Kxe7 31. Kf1 Ke6 32. Ke2 Kf5 33.
Rd7 Rb8 34. Kd3 h5 35. c4 a6 36. c5 Ke6 37. Rd6+ Ke7 38. Ke4 Rg8 39. Rb6 Rg4+
40. Ke3 Rc4 41. Rxb7+ Ke6 42. Rb6+ Ke7 43. b4 Rc3+ 44. Ke4 Rxa3 45. Kd5 Kd7 46.
Rxf6 Rb3 47. Kc4 Rb2 48. Rxa6 Rxf2 49. Rh6 Rc2+ 50. Kb5 Rxg2 51. Kb6 Rxg3 52.
c6+ Ke7 53. c7 Rg8 54. Kb7 Kd7 55. Rh7+ 1-0